00941cas a2200241ua 450000500170000000800410001702200130005804000300007104100080010111000430010924500580015224600640021024600660027426000380034030000280037831000060040632100060041265000260041865000390044465000420048365000430052578501310056820170301141932.0980727d19001998au uu 1 1eng  a03740447 aDLCcCarPdDLCdCO-BoIAVH aeng2 aInternational Society of Soil Science.00aBulletin of the international society of soil science13aBulletin de l'assciation intrnationale de la science du sol13aMitttelungen der internationalen bodenkundlichen gesellschaft aAmsterdam,bDrukkerij Systema.c. bilustraciones ;c27 cm. az az 0aSuelosvPeriódicas. 6aErosión de suelosvPeriódicas. 6aMorfología de suelosvPeriódicas. 6aComposición de suelosvPeriódicas.00aInternational Union of Soil Sciences.tBulletin of the International Union of Soil Sciencesw(DLC) 00203329w(OCoLC)42964274